000 00287nam a22001217a 4500
008 181105b xxu||||| |||| 00| 0 eng d
041 _aeng
080 _217th
_a616.5
100 _a7
101 _aDER
245 _aThe Principles and Practice of Medicine
_cHarvey, A,M
942 _2udc
_cBK
999 _c51852
_d51852